Η υγιής κοινωνία
Αποθηκεύτηκε σε:
| Κύριος συγγραφέας: | |
|---|---|
| Άλλοι συγγραφείς: | |
| Μορφή: | Βιβλίο |
| Γλώσσα: | Greek |
| Δημοσίευση: |
Αθήνα :
Μπουκουμάνης,
c1973
|
| Θέματα: | |
| Ετικέτες: |
Προσθήκη ετικέτας
Δεν υπάρχουν, Καταχωρήστε ετικέτα πρώτοι!
|
MARC
| LEADER | 00000nam a2200000 i 4500 | ||
|---|---|---|---|
| 001 | 1/14633 | ||
| 008 | 980512s1973 gre d | ||
| 035 | |l 10019497 | ||
| 040 | |a GR-MY-UA |b gre |e aacr | ||
| 041 | 0 | |a gre | |
| 082 | 0 | |a 301 | |
| 100 | 1 | |a Fromm, Erich |d 1900-1980. | |
| 245 | 1 | 2 | |a Η υγιής κοινωνία / |c Erich Fromm ; Μετάφραση Δημ. Θεοδωρακάτου |
| 260 | |a Αθήνα : |b Μπουκουμάνης, |c c1973 | ||
| 300 | |a 453 σ. | ||
| 580 | |a Translation of: The sane society | ||
| 650 | 0 | 0 | |a Liberty. |
| 650 | 0 | 0 | |a Civilization, Modern. |
| 650 | 0 | 0 | |a Social psychology. |
| 700 | 1 | |a Θεοδωρακάτος, Δημήτρης. |4 trl | |
| 730 | 0 | |a The sane society. | |
| 852 | |a INST |b LESVOS |e 19980512 |h 301 FRO |p 005100014198 |q 005100014198 |t BK |y 0 | ||
| 901 | |a BIBL-1998-2 | ||
| 909 | |a Λ |b 055965 | ||
| 922 | |a 1ΕΛΗ |b 199804 |c ΚΠΣ/ΤΚ |d EMVASIS | ||
| 950 | |a 103-1998-02-03 | ||